[Event "Zlin Region-chT 2223"]
[Site "Czech Republic"]
[Date "2022.10.09"]
[Round "1.8"]
[White "Simcakova, Julie"]
[Black "Babula, Matej"]
[Result "1/2-1/2"]
[WhiteElo "1545"]
[BlackElo "1834"]
[PlyCount "119"]
[EventDate "2022.10.09"]
[EventType "team-tourn"]
[EventRounds "11"]
[EventCountry "CZE"]
[SourceTitle "EXT 2024"]
[Source "ChessBase"]
[SourceDate "2023.10.10"]
[SourceVersion "1"]
[SourceVersionDate "2023.10.10"]
[SourceQuality "1"]
[WhiteTeam "Postoupky Sokol"]
[BlackTeam "Stare Mesto II"]
[WhiteTeamCountry "CZE"]
[BlackTeamCountry "CZE"]

1. e4 c5 2. Nf3 e6 3. d4 cxd4 4. Nxd4 a6 5. Be2 Nf6 6. Bg5 h6 7. Bxf6 Qxf6 8. c3 Bc5 9. 0-0 0-0 10. Nb3 Ba7 11. N1d2 b5 12. Qc2 Bb7 13. Rad1 Nc6 14. c4 bxc4 15. Nxc4 d5 16. Nd6 Qe7 17. Nxb7 Qxb7 18. exd5 Nb4 19. Qb1 Nxd5 20. Bf3 Rad8 21. Bxd5 Rxd5 22. Qe4 Bxf2+ 23. Kxf2 Rf5+ 24. Ke3 Qb6+ 25. Qd4 Qc7 26. Rxf5 exf5 27. g3 Qc2 28. Rd2 Qb1 29. a3 Qe1+ 30. Kd3 Rc8 31. Nc5 Qe7 32. Kc4 Qe8 33. b4 a5 34. Kb3 Qe1 35. Ka4 axb4 36. axb4 Qb1 37. Ka5 Ra8+ 38. Na6 Qc1 39. b5 Qa3+ 40. Kb6 Qe7 41. Qd7 Qe3+ 42. Rd4 Re8 43. Kc6 Re6+ 44. Rd6 Qe4+ 45. Kb6 Qd4+ 46. Kc7 Qe5 47. Qc6 Rxd6 48. Qxd6 Qxb5 49. Nc5 Qb2 50. h4 Qc3 51. Kd7 Qb4 52. Qe5 g6 53. Ke8 Qb5+ 54. Ke7 Qb4 55. Ke8 Qa5 56. Nd7 Qa8+ 57. Ke7 Qa3+ 58. Qd6 Qe3+ 59. Kf6 Qc3+ 60. Ke7 1/2-1/2

[Event "Bezmerov Bastinec Memorial-A"]
[Site "Bezmerov"]
[Date "2019.01.25"]
[Round "2"]
[White "Simcakova, Julie"]
[Black "Habinova, Alice"]
[Result "1-0"]
[WhiteElo "1565"]
[BlackElo "1429"]
[PlyCount "55"]
[EventDate "2019.01.25"]
[EventType "swiss"]
[EventRounds "5"]
[EventCountry "CZE"]
[SourceTitle "CBM 188 Extra"]
[Source "ChessBase"]
[SourceDate "2019.02.26"]
[SourceVersion "1"]
[SourceVersionDate "2019.02.26"]
[SourceQuality "1"]

1. e4 c5 2. c3 d5 3. exd5 Qxd5 4. d4 Nf6 5. Nf3 Bg4 6. Be2 e6 7. 0-0 Nc6 8. Be3 cxd4 9. cxd4 Be7 10. Nc3 Qd7 11. Bc4 0-0 12. d5 exd5 13. Nxd5 Nxd5 14. Bxd5 Rfd8 15. Be4 Qe6 16. Qc2 h6 17. h3 Bh5 18. Rac1 Bg6 19. Bxg6 fxg6 20. Rfe1 Qf7 21. Qa4 Rac8 22. Qe4 Kh7 23. h4 Qxa2 24. Rxc6 Rxc6 25. Qxe7 Rb8 26. Bd4 Rg8 27. Qxb7 Ra6 28. Re7 1-0

[Event "CZE-chT2F 1516"]
[Site "Czech Republic"]
[Date "2016.04.17"]
[Round "11.38"]
[White "Gibiec, Ernest"]
[Black "Simcakova, Julie"]
[Result "1-0"]
[WhiteElo "2129"]
[BlackElo "1488"]
[PlyCount "47"]
[EventDate "2015.10.18"]
[EventType "team-tourn"]
[EventRounds "11"]
[EventCountry "CZE"]
[SourceTitle "EXT 2022"]
[Source "ChessBase"]
[SourceDate "2021.10.06"]
[SourceVersion "1"]
[SourceVersionDate "2021.10.06"]
[SourceQuality "1"]
[WhiteTeam "Cesky Tesin"]
[BlackTeam "Postoupky"]
[WhiteTeamCountry "CZE"]
[BlackTeamCountry "CZE"]

1. d4 d5 2. c4 e6 3. Nc3 Nf6 4. cxd5 Nxd5 5. e4 Nf6 6. Bg5 Nc6 7. Nf3 Bb4 8. Bb5 Bd7 9. 0-0 Be7 10. h3 0-0 11. Qe2 a6 12. Bd3 Nb4 13. Bb1 Rc8 14. Rd1 h6 15. Be3 a5 16. a3 Nc6 17. d5 exd5 18. e5 Ne8 19. Rxd5 b6 20. Qd3 Nf6 21. exf6 g6 22. Rxd7 Qe8 23. fxe7 Nxe7 24. Bxh6 1-0

[Event "Liptovsky Mikulas CupT U20"]
[Site "Liptovsky Mikulas"]
[Date "2014.06.20"]
[Round "3.3"]
[White "Gemsova, Tereza"]
[Black "Simcakova, Julie"]
[Result "0-1"]
[WhiteElo "1285"]
[BlackElo "1494"]
[PlyCount "74"]
[EventDate "2014.06.19"]
[EventType "team-swiss"]
[EventRounds "7"]
[EventCountry "SVK"]
[SourceTitle "EXT 2015"]
[Source "ChessBase"]
[SourceDate "2014.11.20"]
[SourceVersion "1"]
[SourceVersionDate "2014.11.20"]
[SourceQuality "1"]
[WhiteTeam "Opavsko (U18) II"]
[BlackTeam "Postoupky (U18)"]
[WhiteTeamCountry "CZE"]
[BlackTeamCountry "CZE"]

1. e4 c5 2. Nf3 g6 3. d4 cxd4 4. Nxd4 Bg7 5. Nc3 Nc6 6. Be3 Nf6 7. Bc4 Qa5 8. 0-0 0-0 9. f3 d6 10. Qd2 Bd7 11. Nd5 Qxd2 12. Bxd2 Nxd4 13. Nxe7+ Kh8 14. c3 Nc6 15. Nd5 Nxd5 16. Bxd5 Rac8 17. Rad1 Be6 18. Be3 Rfd8 19. a3 a6 20. Bxe6 fxe6 21. Bb6 Rd7 22. Bc5 d5 23. exd5 exd5 24. f4 d4 25. cxd4 Bxd4+ 26. Bxd4+ Rxd4 27. Rde1 Kg7 28. f5 Rd2 29. f6+ Kf7 30. Rb1 Rd6 31. b4 Rxf6 32. Rfc1 Ne7 33. Rd1 Rfc6 34. a4 b5 35. axb5 axb5 36. h3 Rc4 37. Rb2 Ra8 0-1

[Event "CZE-ch U16 Girls"]
[Site "Kouty nad Desnou"]
[Date "2013.03.09"]
[Round "1"]
[White "Simcakova, Julie"]
[Black "Fuskova, Martina"]
[Result "0-1"]
[WhiteElo "1598"]
[BlackElo "1751"]
[PlyCount "64"]
[EventDate "2013.03.09"]
[EventType "swiss"]
[EventRounds "9"]
[EventCountry "CZE"]
[SourceTitle "EXT 2015"]
[Source "ChessBase"]
[SourceDate "2014.11.20"]
[SourceVersion "1"]
[SourceVersionDate "2014.11.20"]
[SourceQuality "1"]

1. e4 c5 2. Nf3 a6 3. d4 cxd4 4. Nxd4 Nf6 5. Nc3 e5 6. Nf3 Bb4 7. Bd2 Nc6 8. Bd3 0-0 9. Qe2 Re8 10. 0-0-0 d6 11. Rdg1 b5 12. h4 Bg4 13. Qe3 Rc8 14. Nh2 Bxc3 15. Bxc3 b4 16. Bd2 Be6 17. Bxa6 Ra8 18. Qd3 Qa5 19. Bb5 Rec8 20. Bxc6 Rxc6 21. a3 Rc4 22. f3 Rd4 23. Qe2 Qa4 24. Qe3 bxa3 25. b3 a2 26. Kb2 Qa3+ 27. Ka1 Bxb3 28. cxb3 Nd7 29. Bc3 Nc5 30. Rb1 axb1Q+ 31. Kxb1 Qa2+ 32. Kc1 Nxb3# 0-1

[Event "CZE-ch U14 Girls"]
[Site "Kouty nad Desnou"]
[Date "2011.03.13"]
[Round "2"]
[White "Benesova, Martina"]
[Black "Simcakova, Julie"]
[Result "1/2-1/2"]
[WhiteElo "1395"]
[BlackElo "1250"]
[PlyCount "148"]
[EventDate "2011.03.12"]
[EventType "swiss"]
[EventRounds "9"]
[EventCountry "CZE"]
[SourceTitle "EXT 2014"]
[Source "ChessBase"]
[SourceDate "2013.11.20"]
[SourceVersion "1"]
[SourceVersionDate "2013.11.20"]
[SourceQuality "1"]

1. e4 c5 2. Nf3 d6 3. Nc3 Nf6 4. d4 cxd4 5. Nxd4 g6 6. Bd3 Bg7 7. 0-0 0-0 8. Be3 Nc6 9. Nde2 Ng4 10. Bd2 Nce5 11. Nc1 Nf6 12. Kh1 d5 13. exd5 Nxd5 14. f4 Nc6 15. Qe1 e5 16. Be4 Be6 17. f5 Nxc3 18. Bxc3 Bd5 19. fxg6 hxg6 20. Nd3 Bxe4 21. Qxe4 Qd6 22. Rad1 Qe7 23. a3 Rfe8 24. Rde1 Rad8 25. Rf2 Kh7 26. Rf3 Nd4 27. Rh3+ Kg8 28. Nf4 Kf8 29. Bb4 Rd6 30. Rf1 exf4 31. Qxe7+ Kxe7 32. Bxd6+ Kxd6 33. Rd1 Kc5 34. Rh7 Rg8 35. c3 Nf5 36. Rh3 Re8 37. Rhd3 Re2 38. Rd5+ Kc6 39. R5d2 Ne3 40. Rxe2 Nxd1 41. Rd2 Ne3 42. Rf2 Be5 43. Kg1 Nd1 44. Rd2 Ne3 45. Re2 f6 46. h3 g5 47. Kf2 Kd5 48. Kf3 f5 49. g4 Ke6 50. gxf5+ Kxf5 51. Rd2 Nc4 52. Rc2 Ne3 53. Re2 g4+ 54. hxg4+ Nxg4 55. Rd2 Nf6 56. Rd3 b5 57. Rd2 a5 58. Rc2 Ng4 59. b3 Ne3 60. Rc1 Nd5 61. c4 bxc4 62. bxc4 Ne7 63. Rb1 Bd6 64. Rb5+ Be5 65. Rxa5 Nc6 66. Rd5 Nd4+ 67. Kf2 Nc2 68. a4 Na3 69. Rc5 Ke4 70. Rxe5+ Kxe5 71. c5 Kd5 72. Kf3 Kxc5 73. Kxf4 Kb4 74. a5 Kxa5 1/2-1/2

[Event "CZE-ch U12 Girls"]
[Site "Kouty nad Desnou"]
[Date "2010.03.10"]
[Round "6"]
[White "Janska, Jitka"]
[Black "Simcakova, Julie"]
[Result "1-0"]
[WhiteElo "1756"]
[BlackElo "1250"]
[PlyCount "119"]
[EventDate "2010.03.06"]
[EventType "swiss"]
[EventRounds "9"]
[EventCountry "CZE"]
[SourceTitle "EXT 2012"]
[Source "ChessBase"]
[SourceDate "2011.11.24"]
[SourceVersion "1"]
[SourceVersionDate "2011.11.24"]
[SourceQuality "1"]

1. e4 e5 2. Nf3 Nc6 3. d4 exd4 4. Bc4 Bc5 5. c3 dxc3 6. Bxf7+ Kxf7 7. Qd5+ Kf8 8. Qxc5+ d6 9. Qxc3 Nf6 10. Bg5 Qe7 11. 0-0 Ne5 12. Nxe5 Qxe5 13. Bxf6 Qxf6 14. Qxf6+ gxf6 15. Nc3 Rg8 16. f4 Bh3 17. Rf2 c6 18. Kf1 Bd7 19. Re1 f5 20. e5 dxe5 21. Rxe5 Re8 22. Rfe2 Kf7 23. Rxe8 Rxe8 24. Rxe8 Kxe8 25. Kf2 Ke7 26. Ke3 Kd6 27. h3 h5 28. g3 Kc5 29. Kd3 b5 30. h4 Be6 31. a3 a5 32. Nd1 b4 33. axb4+ Kxb4 34. Kd2 a4 35. Nf2 a3 36. bxa3+ Kxa3 37. Nd3 Bc4 38. Ne5 Bd5 39. Kc3 c5 40. Nd3 c4 41. Ne5 Ka4 42. Nxc4 Bxc4 43. Kxc4 Ka3 44. Kd5 Kb3 45. Ke5 Kc3 46. Kxf5 Kd3 47. Kg5 Ke4 48. f5 Ke5 49. Kg6 Ke4 50. f6 Kf3 51. f7 Kxg3 52. Kxh5 Kf4 53. f8Q+ Ke5 54. Qb4 Kd5 55. Kg5 Ke6 56. Qc5 Kf7 57. Qd6 Kg7 58. Qe7+ Kh8 59. Kg6 Kg8 60. Qg7# 1-0

[Event "CZE-ch U10 Girls"]
[Site "Sec u Chrudimi"]
[Date "2008.03.10"]
[Round "3"]
[White "Suchomelova, Simona"]
[Black "Simcakova, Julie"]
[Result "1/2-1/2"]
[WhiteElo "1100"]
[BlackElo "1000"]
[PlyCount "109"]
[EventDate "2008.03.08"]
[EventType "swiss"]
[EventRounds "9"]
[EventCountry "CZE"]
[SourceTitle "EXT 2009"]
[Source "ChessBase"]
[SourceDate "2008.11.26"]
[SourceVersion "1"]
[SourceVersionDate "2008.11.26"]
[SourceQuality "1"]

1. e4 e5 2. Nf3 Nc6 3. Bb5 a6 4. Bxc6 bxc6 5. d4 Nf6 6. Nc3 d5 7. Qe2 Bb4 8. 0-0 Bxc3 9. bxc3 dxe4 10. Nxe5 0-0 11. Nxc6 Bg4 12. Qe3 Qd6 13. Ne5 Qd5 14. Nxg4 Nxg4 15. Qg3 Qh5 16. h3 Nf6 17. Bg5 Qg6 18. Bxf6 Qxg3 19. fxg3 gxf6 20. Rxf6 a5 21. Rf4 Rfe8 22. Re1 e3 23. d5 Rab8 24. Re2 Rb1+ 25. Kh2 Rb2 26. Rf3 Rxa2 27. Rfxe3 Rxe3 28. Rxe3 Rxc2 29. Rd3 a4 30. Rd4 a3 31. d6 cxd6 32. Rxd6 a2 33. Ra6 Kg7 34. g4 h6 35. Kg3 f6 36. c4 Kg6 37. c5 Rxc5 38. Rxa2 f5 39. Ra4 Rc3+ 40. Kh4 Rc5 41. Ra6+ Kg7 42. Ra4 fxg4 43. Rxg4+ Kh7 44. Rf4 Kg6 45. g4 h5 46. Re4 hxg4 47. Rxg4+ Kh6 48. Re4 Rh5+ 49. Kg4 Rg5+ 50. Kf4 Kh5 51. Re3 Kh4 52. Ke4 Rg3 53. Re2 Rxh3 54. Re3 Rxe3+ 55. Kxe3 1/2-1/2